00928nam a2200265Ia 450000100060000000300090000600800410001504000130005604000130006904100130008210000210009510000290011624000210014524000350016624500390020124500390024025000110027926000090029026000120029926000490031130000430036050002070040365000210061065000310063122302IT-RoPAU130308s9999 xx 000 0 und d aIT-RoPAU cIT-RoPAU aITALIANO aMillerson Gerald gCodice Aut. SPICS: 3737 aBASIC tv STAGING gCodice Tit. Orig. Spics: T1592 aScenotecnica per il cinema e la tv bScenotecnica per Il Cinema e la Tv a1a ed. aROMA bGremese c1983 [1° Ed.:1983 - Ed.Ling.Originale:1982] a"168 p. (prefazione: no ; testo: 168)" aScenografia Stili Scenografici Costruzione del set Accorgimenti Scenici Architettura scenica Prospettiva Spazio Scenico Arredamento e Mobili Sfondi Illuminazione Pannelli Decorativi Pavimenti e Soffitti aREGIA TELEVISIVA eCodice materia Spics: 6953